[Event "US Amateur Team East"]
[Site "Parsippany NJ USA"]
[Date "2003.02.17"]
[Round "5"]
[White "Johnson,Be"]
[Black "Young,R"]
[Result "1/2-1/2"]
[WhiteElo "2178"]
[BlackElo "2279"]

1.e4 c5 2.Nf3 d6 3.d4 Nf6 4.Nc3 cxd4 5.Nxd4 Nc6 6.Bg5 e6 7.Qd2 a6 8.O-O-O h6
9.Be3 Nxd4 10.Bxd4 b5 11.f3 Qa5 12.a3 e5 13.Bf2 Be7 14.Kb1 Be6 15.Be1 Qc7
16.Bh4 Nxe4 17.Nxe4 Bxh4 18.Qxd6 Qxd6 19.Rxd6 Ke7 20.Rb6 Rhb8 21.Rxb8 Rxb8
22.g3 Bf6 23.Bd3 g6 24.Nc5 Bc8 25.Re1 Bg7 26.b4 f5 27.c4 Kd6 28.cxb5 axb5
29.Rc1 Bf8 30.Kb2 Be6 31.Nxe6 Kxe6 32.Rc7 Bd6 33.Rh7 Bf8 34.Ra7 Kd5 35.Rd7+ Kc6
36.Rf7 Kd5 37.Bxb5 Bxb4 38.axb4 Rxb5 39.Kc3 e4 40.fxe4+ fxe4 41.Rf6 e3 42.Kd3 Rxb4
43.Rxg6 Rb3+ 44.Ke2 h5 45.Kf3 e2+ 46.Kxe2 Rb2+ 47.Kf3 Rxh2 48.Ra6  1/2-1/2

[Event "11th Vasja Pirc Mem"]
[Site "Maribor SLO"]
[Date "2003.02.20"]
[Round "5"]
[White "Brkic,A"]
[Black "Kozul,Z"]
[Result "0-1"]
[WhiteElo "2402"]
[BlackElo "2587"]

1.e4 c5 2.Nf3 Nc6 3.d4 cxd4 4.Nxd4 Nf6 5.Nc3 d6 6.Bg5 e6 7.Qd2 a6 8.O-O-O Bd7
9.f4 b5 10.Bxf6 gxf6 11.Nxc6 Bxc6 12.Qe3 Qe7 13.Bd3 Qa7 14.Qe1 Rc8 15.Nd5 Bg7
16.Qg3 Kf8 17.Ne3 a5 18.Kb1 a4 19.f5 Qc5 20.fxe6 fxe6 21.Be2 Bxe4 22.Qxd6+ Qxd6
23.Rxd6 Ke7 24.Rhd1 f5 25.Rd7+ Kf6 26.Bf3 Bxf3 27.gxf3 Bh6 28.Nf1 Bf4 29.R1d4 Rc7
30.Rxc7 Bxc7 31.Rh4 Rd8 32.Kc1 Kg5  0-1

[Event "Open"]
[Site "Cappelle la Grande FRA"]
[Date "2003.02.23"]
[Round "2"]
[White "Luther,T"]
[Black "Abergel,T"]
[Result "1-0"]
[WhiteElo "2575"]
[BlackElo "2365"]

1.e4 c5 2.Nf3 d6 3.d4 cxd4 4.Nxd4 Nf6 5.Nc3 Nc6 6.Bg5 e6 7.Qd2 a6 8.O-O-O h6
9.Be3 Bd7 10.f3 b5 11.Nxc6 Bxc6 12.Kb1 Nd7 13.Ne2 d5 14.exd5 Bxd5 15.Nf4 Bc6
16.Bd3 Qc7 17.Nxe6 fxe6 18.Bg6+ Kd8 19.Bf4 e5 20.Bg3 Be7 21.Rhe1 Bf6 22.f4 e4
23.Bxe4 Bxe4 24.Rxe4 Kc8 25.f5 Qb7 26.Re6 Nc5 27.Qe3 Nd7 28.Rxf6  1-0

[Event "Open"]
[Site "Cappelle la Grande FRA"]
[Date "2003.02.24"]
[Round "4"]
[White "Efimenko,Z"]
[Black "Czarnota,P"]
[Result "1/2-1/2"]
[WhiteElo "2590"]
[BlackElo "2314"]

1.e4 c5 2.Nf3 d6 3.d4 cxd4 4.Nxd4 Nf6 5.Nc3 Nc6 6.Bg5 e6 7.Qd2 a6 8.O-O-O Bd7
9.f4 b5 10.Bxf6 gxf6 11.Kb1 b4 12.Nce2 Qb6 13.f5 e5 14.Nxc6 Bxc6 15.Ng3 h5
16.h4 Qc5 17.Bd3 a5 18.Qe2 a4 19.Bc4 Ke7 20.Rh3 a3 21.b3 Bb5 22.Nxh5 Bxc4
23.bxc4 Rc8 24.Rhd3 Rxh5 25.Qxh5 Qxc4 26.Qe2 Bh6 27.Re1 Qc5 28.g3 Rc6 29.Rb3 Qb6
30.Qd3 Qf2 31.Rd1 Qc5 32.Qe2 Qb6 33.Rd5 Rc3 34.g4 Bf4 35.Qd1 Rxb3+ 36.cxb3 Qf2
37.Qc2 Qxh4 38.Qe2 Kf8 39.Rxd6 Kg7 40.Rd1 Qh3  1/2-1/2

[Event "Open"]
[Site "Cappelle la Grande FRA"]
[Date "2003.02.25"]
[Round "5"]
[White "Vorobiov,E"]
[Black "Heberla,B"]
[Result "1-0"]
[WhiteElo "2541"]
[BlackElo "2389"]

1.e4 c5 2.Nf3 d6 3.d4 cxd4 4.Nxd4 Nf6 5.Nc3 Nc6 6.Bg5 Bd7 7.Qd2 Nxd4 8.Qxd4 h6
9.Bxf6 gxf6 10.Bc4 Qa5 11.O-O-O Rc8 12.Bb3 Qc5 13.Qd2 Bg7 14.f4 b5 15.Qe2 b4
16.Nd5 e6 17.Rhe1 a5 18.e5 fxe5 19.Qg4 Kf8 20.fxe5 a4 21.Rf1 axb3 22.Rxf7+ Ke8
23.Re7+ Kd8 24.Rxd7+ Kxd7 25.Qxg7+ Kc6 26.Nxb4+ Qxb4 27.Rxd6+ Qxd6 28.exd6 bxa2
29.Qc3+ Kd7 30.Qg7+ Kc6 31.Qc3+ Kd7 32.Qa5 Rhf8 33.Qxa2 Rf1+ 34.Kd2 Rf2+
35.Kd3 Rfxc2 36.Qa4+ R2c6 37.Qa7+ Kxd6 38.Qd4+ Kc7 39.Qg7+ Kb6 40.Qxh6 Rd6+
41.Ke3 Rc2 42.Qf4 Kc7 43.g4 Rxb2 44.g5 Rb3+ 45.Kf2 Rb5 46.Qc4+ Kb6 47.h4 Rb2+
48.Kf3 e5 49.h5 Rbd2 50.g6 R6d3+ 51.Qxd3 Rxd3+ 52.Ke4 Rg3 53.Kxe5 Kc6 54.Kf6  1-0

[Event "Open"]
[Site "Cappelle la Grande FRA"]
[Date "2003.02.26"]
[Round "6"]
[White "Geller,J"]
[Black "Bocharov,D"]
[Result "1/2-1/2"]
[WhiteElo "2448"]
[BlackElo "2524"]

1.e4 c5 2.Nf3 Nc6 3.d4 cxd4 4.Nxd4 Nf6 5.Nc3 d6 6.Bg5 e6 7.Qd2 Qb6 8.Nb3 a6
9.O-O-O Be7 10.f4 O-O 11.Bxf6 Bxf6 12.Qxd6 Rd8 13.Qc5 Rxd1+ 14.Nxd1 Qc7 15.e5 Be7
16.Qe3 Bd7 17.a3 b5 18.Bd3 Rc8 19.Qe4 g6 20.h4 b4 21.a4 Nb8 22.h5 Bxa4 23.hxg6 hxg6
24.Nd4 Be8 25.f5 exf5 26.Nxf5 Bg5+ 27.Kb1 Bd7 28.Qg4 b3 29.Nc3 bxc2+ 30.Bxc2 Qxe5
31.Qxg5 Bxf5 32.Kc1 Re8 33.Nd5 Nd7 34.Qh4 Rb8 35.Ne7+ Kf8 36.Nxf5 Qxb2+ 37.Kd2 gxf5
38.Rb1 Qe5 39.Qh6+ Kg8 40.Qg5+ Kf8 41.Qh6+ Kg8 42.Qg5+ Kf8 43.Qh6+  1/2-1/2

[Event "Open"]
[Site "Cappelle la Grande FRA"]
[Date "2003.02.28"]
[Round "8"]
[White "Calistri,T"]
[Black "Iskusnyh,S"]
[Result "0-1"]
[WhiteElo "2271"]
[BlackElo "2496"]

1.e4 c5 2.Nf3 Nc6 3.d4 cxd4 4.Nxd4 Nf6 5.Nc3 d6 6.Bg5 e6 7.Qd2 Qb6 8.Nb3 a6
9.O-O-O Be7 10.f3 O-O 11.g4 Qc7 12.Be3 b5 13.Qf2 Rb8 14.Kb1 Ne5 15.g5 Nfd7
16.h4 b4 17.Ne2 a5 18.Ned4 a4 19.Nd2 a3 20.Qg3 axb2 21.f4 Nc5 22.fxe5 Na4
23.Bc4 dxe5 24.g6 Nc3+ 25.Kxb2 Ra8 26.gxh7+ Kh8 27.Rdg1 g6 28.h5 Rxa2+ 29.Bxa2 Qa5
30.Qxe5+ Qxe5 31.hxg6 fxg6 32.Rxg6 Qa5 33.Nb5 Qxa2+  0-1

[Event "ch-CZE w"]
[Site "Lahucovice CZE"]
[Date "2003.02.28"]
[Round "9"]
[White "Blazkova,P"]
[Black "Hitzgerova,G"]
[Result "1-0"]
[WhiteElo "2176"]
[BlackElo "2225"]

1.e4 c5 2.Nf3 d6 3.d4 cxd4 4.Nxd4 Nf6 5.Nc3 Nc6 6.Bg5 e6 7.Qd2 a6 8.O-O-O Bd7
9.f4 h6 10.Bh4 g5 11.fxg5 Ng4 12.g3 Be7 13.g6 fxg6 14.Bxe7 Qxe7 15.Nxc6 Bxc6
16.Bh3 h5 17.Bxg4 hxg4 18.Qf4 O-O-O 19.Qxg4 Kb8 20.h4 Rc8 21.Rhf1 Be8 22.Qf4 Rc6
23.Qf6 Rh7 24.Qxe7 Rxe7 25.Rf6 Kc7 26.Ne2 Rc4 27.Nd4 e5 28.Ne6+ Kc6 29.Ng5 Rd4
30.Rxd4 exd4 31.Kd2 Kc5 32.Re6 Rxe6 33.Nxe6+ Kc4 34.a3 Bd7 35.b3+ Kb5 36.Nxd4+ Kc5
37.Ke3 a5 38.Ne2 Be8 39.Nf4 Bf7 40.g4 b5 41.h5 gxh5 42.gxh5 a4 43.h6 Bg8
44.Nd5 Bh7 45.Nf6 Bg6 46.h7 Bxh7 47.Nxh7 d5 48.exd5 Kxd5 49.bxa4 bxa4 50.Kd3  1-0

[Event "X Anibal Open"]
[Site "Linares ESP"]
[Date "2003.03.01"]
[Round "2"]
[White "Perez Candelario,M"]
[Black "Blehm,P"]
[Result "1/2-1/2"]
[WhiteElo "2404"]
[BlackElo "2526"]

1.e4 c5 2.Nf3 d6 3.d4 cxd4 4.Nxd4 Nf6 5.Nc3 Nc6 6.Bg5 e6 7.Qd2 a6 8.O-O-O Bd7
9.f3 Rc8 10.Kb1 Be7 11.h4 h6 12.Be3 h5 13.Nxc6 Bxc6 14.Bg5 b5 15.Qf2 Qc7
16.Bd3 Kf8 17.Ne2 g6 18.Rc1 Kg7 19.c4 Qb7 20.Nd4 Bd7 21.Qe2 e5 22.Nb3 b4
23.Nd2 a5 24.Nf1 Be6 25.Be3 Bd8  1/2-1/2

[Event "Spring Festival GM"]
[Site "Bucharest ROM"]
[Date "2003.03.04"]
[Round "2"]
[White "Radovanovic,D"]
[Black "Lupulescu,C"]
[Result "0-1"]
[WhiteElo "2326"]
[BlackElo "2496"]

1.e4 c5 2.Nf3 d6 3.d4 cxd4 4.Nxd4 Nf6 5.Nc3 Nc6 6.Bg5 e6 7.Qd2 a6 8.O-O-O Nxd4
9.Qxd4 Be7 10.f4 b5 11.Bxf6 gxf6 12.e5 d5 13.Be2 Rg8 14.Bh5 f5 15.h3 Rxg2
16.Rhg1 Rg6 17.Bxg6 hxg6 18.Ne2 Bb7 19.Qd2 Rc8 20.Kb1 Qb6 21.Nd4 Rc4 22.Rg3 a5
23.Rd3 b4 24.h4 Ba6 25.b3 Rc8 26.Rh3 Kd7 27.h5 Rc3 28.Rxc3 bxc3 29.Qxc3 gxh5
30.Qf3 Bc5 31.Qxh5 Bxd4 32.Qxf7+ Kc8 33.Qg8+ Kb7 34.Rh1 Ka7 35.Rh8 Bb7 36.Qb8+ Ka6
37.Rd8 Bc5 38.Kb2 Be7 39.Rd7 Qd4+ 40.c3 Qd2+  0-1

[Event "Edda Rapid"]
[Site "Reykjavic ISL"]
[Date "2003.03.04"]
[Round "5"]
[White "Nataf,IA"]
[Black "Thorhallsson,G"]
[Result "0-1"]
[WhiteElo "2545"]
[BlackElo "2202"]

1.e4 c5 2.Nf3 Nc6 3.d4 cxd4 4.Nxd4 Nf6 5.Nc3 d6 6.Bg5 Qb6 7.Nb3 a6 8.Qd2 e6
9.Bxf6 gxf6 10.f4 Bd7 11.O-O-O O-O-O 12.Be2 Kb8 13.Kb1 Be7 14.Bh5 Be8 15.Rhe1 Rc8
16.Nd5 exd5 17.exd5 Ne5 18.fxe5 fxe5 19.Rf1 f6 20.Bxe8 Rhxe8 21.Qd3 Qc7 22.Rf5 Rg8
23.g3 Qc4 24.Rh5 Qxd3 25.cxd3 Rg7 26.Rf1 Bd8 27.Rff5 b5 28.Rh4 a5 29.Rfh5 a4
30.Nd2 Rgc7 31.a3 Rc1+ 32.Ka2 Rd1 33.Rb4 Rcc1 34.Rxb5+ Kc8 35.Nb3 axb3+ 36.Kxb3 Rxd3+
37.Ka2 Rc5 38.Rb4 Rdxd5 39.Rxh7 Rb5 40.Ra4 Rd2 41.Ra8+ Rb8 42.Rxb8+ Kxb8
43.h4 e4 44.h5 f5 45.Rh8 Rxb2+ 46.Ka1 Rd2 47.Rxd8+ Kc7 48.Re8 Kd7 49.Rb8 e3
50.Rb1 e2 51.h6 Rd1 52.h7 Rxb1+ 53.Ka2 Rh1  0-1

[Event "69th ch-BLR"]
[Site "Minsk BLR"]
[Date "2003.03.05"]
[Round "6"]
[White "Zhigalko,A"]
[Black "Smirnov,Va"]
[Result "1/2-1/2"]
[WhiteElo "2450"]
[BlackElo "2400"]

1.e4 c5 2.Nf3 Nc6 3.d4 cxd4 4.Nxd4 Nf6 5.Nc3 d6 6.Bg5 e6 7.Qd2 a6 8.O-O-O Bd7
9.f3 Be7 10.Be3 O-O 11.g4 b5 12.g5 Ne8 13.h4 Nxd4 14.Qxd4 Qa5 15.Kb1 b4 16.Ne2 Nc7
17.Qb6 Qxb6 18.Bxb6 Rfc8 19.Ba5 Rab8 20.Nc1 Bb5 21.Nb3 e5 22.Bxb5 Rxb5 23.Bxc7 Rxc7
24.Nd2 Rbc5 25.Rc1 g6 26.Nf1 d5 27.Ne3 d4 28.Nd5 Rb7 29.Rcd1 Kg7 30.f4 f6
31.fxe5 fxg5 32.hxg5 Bxg5 33.Rxd4 a5 34.Rd3 Rc6 35.Rg1 h6 36.a3 Re6 37.axb4 axb4
38.Ka2 Rxe5 39.Re1 h5 40.Kb3 h4 41.Kc4 Be7 42.Rf3 Bd6 43.Kd4 Rf7 44.Rxf7+ Kxf7
45.c4 bxc3 46.bxc3 h3 47.Rf1+ Kg7 48.Rh1 h2 49.Nf4 Ra5 50.Nd3 Bg3 51.Ke3 Ra3
52.Kf3 Bc7 53.Kg2 Ra2+ 54.Kh3 Rc2 55.Ne1 Rxc3+ 56.Kg2 Re3 57.Nf3 Rxe4 58.Nxh2 Bxh2
59.Rxh2 Re2+ 60.Kg3 Rxh2 61.Kxh2 Kf6 62.Kg2 Ke5 63.Kg3  1/2-1/2

[Event "ch-Serbia"]
[Site "Dimitrovgrad YUG"]
[Date "2003.03.06"]
[Round "7"]
[White "Vuckovic,Bo"]
[Black "Perunovic,Mil"]
[Result "0-1"]
[WhiteElo "2495"]
[BlackElo "2488"]

1.e4 c5 2.Nf3 Nc6 3.d4 cxd4 4.Nxd4 Nf6 5.Nc3 d6 6.Bg5 e6 7.Qd2 Be7 8.O-O-O Nxd4
9.Qxd4 O-O 10.f4 Qa5 11.Bc4 Bd7 12.e5 dxe5 13.fxe5 Bc6 14.Bd2 Nd7 15.Nd5 Qd8
16.Nxe7+ Qxe7 17.Rhe1 Rfd8 18.Qg4 Nf8 19.Bd3 Rd5 20.Bb4 Qd8 21.Bd6 Ng6 22.Bc4 Rxd1+
23.Rxd1 b5 24.Bd3 Rc8 25.Kb1 Qb6 26.Bf1 Qb7 27.Re1 Bd5 28.h4 Qc6 29.Bd3 f5
30.Qg3 Bc4 31.h5 Bxd3 32.Qxd3 Nf4 33.Qd2 Nxh5 34.c3 Qc4 35.Qe3 a6 36.Qf3 Nf4
37.g4 Qd3+ 38.Qxd3 Nxd3 39.Re3 Nc5 40.gxf5 exf5 41.e6 Ne4 42.Bb4 Re8 43.e7 a5
44.Bxa5 Rxe7 45.Kc2 g5 46.Rd3 h5 47.Rd5 h4 48.Bb6 h3 49.Bg1 g4 50.Rxb5 g3
51.Rb8+ Kg7 52.Bd4+ Nf6 53.Rb6 Rf7  0-1

[Event "X Anibal Open"]
[Site "Linares ESP"]
[Date "2003.03.07"]
[Round "8"]
[White "Korneev,O"]
[Black "El Gindy,E"]
[Result "0-1"]
[WhiteElo "2613"]
[BlackElo "2467"]

1.e4 c5 2.Nf3 d6 3.d4 cxd4 4.Nxd4 Nf6 5.Nc3 Nc6 6.Bg5 e6 7.Qd2 Be7 8.O-O-O O-O
9.Nb3 Qb6 10.f3 Rd8 11.Nb5 Rd7 12.Qe1 a6 13.Be3 Qd8 14.N5d4 e5 15.Nf5 d5
16.Qg3 Nh5 17.Qh3 g6 18.g4 dxe4 19.Bc4 Bg5 20.fxe4 Nf4 21.Qf3 gxf5 22.exf5 b5
23.Bxf7+ Kxf7 24.h4 Nd4 25.Nxd4 Bb7 26.Qf1 Nd3+ 27.Qxd3 Bxe3+ 28.Qxe3 Bxh1
29.Qxe5 Rd6 30.g5 Bb7 31.Rg1 Qb6 32.f6 Re8 33.g6+ hxg6 34.Qg5 Rxf6 35.Qh6 Qxd4
36.Qh7+ Kf8 37.Qh8+ Ke7 38.Qg7+ Ke6 39.Rd1 Qf4+ 40.Kb1 Qd2 41.Rc1 Be4 42.a3 Bxc2+
43.Rxc2 Rf1+ 44.Ka2 Qxc2  0-1

[Event "Spring Festival GM"]
[Site "Bucharest ROM"]
[Date "2003.03.08"]
[Round "6"]
[White "Vasiesiu,D"]
[Black "Lupulescu,C"]
[Result "1/2-1/2"]
[WhiteElo "2435"]
[BlackElo "2496"]

1.e4 c5 2.Nf3 d6 3.d4 cxd4 4.Nxd4 Nf6 5.Nc3 Nc6 6.Bg5 e6 7.Qd2 a6 8.O-O-O Bd7
9.f4 b5 10.Nxc6 Bxc6 11.Qe3 Be7 12.Bxf6 Bxf6 13.e5 Be7 14.Ne4 d5 15.Ng5 b4
16.h4 a5 17.f5 exf5 18.e6 Bxg5 19.hxg5 Qe7 20.Qb6 Qb7 21.exf7+ Kxf7 22.Qf2 g6
23.g4 Qe7 24.gxf5 Qxg5+ 25.Kb1 Qf6 26.Bd3 Kg7 27.Qh2 Raf8 28.Qh6+ Kg8 29.Rhg1 Be8
30.Rdf1 a4 31.Qf4 a3 32.Qxb4 Qxb2+ 33.Qxb2 axb2 34.Re1 Kg7 35.a4 Rf6 36.a5 Bf7
37.a6 Rb6 38.Re7 Kf6 39.Rc7 g5 40.Re1 Ra8 41.Ree7 Bg8 42.a7 g4 43.Rg7 d4
44.Rxg8 Rxg8 45.Be4 Ra6 46.Rxh7 Kg5 47.f6 Kf4 48.Re7 Ra1+ 49.Kxb2 Rxa7 50.Rxa7 Kxe4
51.Rg7 Rb8+ 52.Kc1 Rf8 53.Rxg4+ Ke5 54.Rg5+ Ke4  1/2-1/2

[Event "X Anibal Open"]
[Site "Linares ESP"]
[Date "2003.03.08"]
[Round "9"]
[White "Rizouk,A"]
[Black "Moreno Tejera,E"]
[Result "1/2-1/2"]
[WhiteElo "2519"]
[BlackElo "2366"]

1.e4 c5 2.Nf3 Nc6 3.d4 cxd4 4.Nxd4 Nf6 5.Nc3 d6 6.Bg5 e6 7.Qd2 Be7 8.O-O-O Nxd4
9.Qxd4 O-O 10.f4 Qa5 11.Bc4 b5 12.Bxb5 Rb8 13.Bc4 h6 14.Bh4 e5 15.fxe5 dxe5
16.Qd3 Be6 17.Bxf6 Bxf6 18.Nd5 Bg5+ 19.Kb1 Rfc8 20.Bb3 Qc5 21.h4 Bd8 22.Qe3 Qxe3
23.Nxe3 Rb4 24.Nf5 Bxf5 25.exf5 Rxh4 26.Rhe1 Bf6 27.Rd7 Rd8 28.Bxf7+ Kf8
29.Rxd8+ Bxd8 30.Bd5 Ke7 31.c3 Kf6 32.Be4 Bb6 33.Kc2 Rf4 34.Re2 Rf1 35.Bd3 h5
36.Rxe5 Kxe5 37.Bxf1 Kxf5 38.Ba6 Ke5 39.Kd3 g5 40.Bb7 Kd6 41.Ke4 Bf2 42.Ba6 Kc5
43.Be2 g4 44.b4+ Kb6 45.c4 a5  1/2-1/2

[Event "Spring Festival GM"]
[Site "Bucharest ROM"]
[Date "2003.03.09"]
[Round "7"]
[White "Ardelean,G"]
[Black "Moldovan,D"]
[Result "1/2-1/2"]
[WhiteElo "2450"]
[BlackElo "2447"]

1.e4 c5 2.Nf3 d6 3.d4 cxd4 4.Nxd4 Nf6 5.Nc3 Nc6 6.Bg5 e6 7.Qd2 a6 8.O-O-O h6
9.Be3 Nxd4 10.Bxd4 b5 11.f3 b4 12.Na4 Rb8 13.Qf2 Bd7 14.Nb6 Bb5 15.Nc4 Qc7
16.b3 e5 17.Bb2 Be7 18.g4 a5 19.Ne3 Bxf1 20.Qxf1 a4 21.Qc4 Qa7 22.Qc6+ Kf8
23.Nf5 axb3 24.axb3 Ne8 25.h4 Qb7 26.Qxb7 Rxb7 27.Rd5 g6 28.Ne3 h5 29.g5 f6
30.gxf6 Nxf6 31.Rd2 Kf7  1/2-1/2

[Event "Victor Ciocaltea Mem"]
[Site "Bucharest ROM"]
[Date "2003.03.10"]
[Round "7"]
[White "Iordachescu,V"]
[Black "Murariu,A"]
[Result "1-0"]
[WhiteElo "2550"]
[BlackElo "2361"]

1.e4 c5 2.Nf3 Nc6 3.d4 cxd4 4.Nxd4 Nf6 5.Nc3 d6 6.Bg5 Bd7 7.Qd2 Rc8 8.Nb3 h6
9.Bxf6 gxf6 10.Bd3 Ne5 11.f4 Nxd3+ 12.Qxd3 f5 13.exf5 Bg7 14.O-O-O Bxc3 15.bxc3 Qc7
16.Rhe1 Rg8 17.f6 e6 18.Qh7 Rf8 19.Rd3 d5 20.Qxh6 Qd6 21.Qg5 Kd8 22.Qe5 Qa3+
23.Kd2 Re8 24.f5 Qf8 25.fxe6 Bxe6 26.Qf4 b5 27.Nd4 Bd7 28.Rxe8+ Qxe8 29.Re3 Qg8
30.g3 b4 31.cxb4 Qh7 32.h4 Rc7 33.Rc3  1-0

[Event "Spring Festival GM"]
[Site "Bucharest ROM"]
[Date "2003.03.10"]
[Round "8"]
[White "Nanu,C"]
[Black "Itkis,B"]
[Result "1/2-1/2"]
[WhiteElo "2456"]
[BlackElo "2452"]

1.e4 c5 2.Nf3 d6 3.d4 cxd4 4.Nxd4 Nf6 5.Nc3 Nc6 6.Bg5 Qb6 7.Nb3 e6 8.Qd2 Bd7
9.O-O-O a6 10.f3 Qc7 11.Be3 b5 12.g4 h6 13.a3 Ne5 14.Qf2 Rb8 15.Bd4 a5 16.h3 b4
17.axb4 axb4 18.Na2 d5 19.exd5 Nxd5 20.Kb1 Nc6 21.Bc5 Bxc5 22.Qxc5 Nce7 23.Rd4 Qg3
24.Rd3 O-O 25.Rg1 Qe1+ 26.Nac1 Rfc8 27.Be2 Qh4 28.Qd4 Bb5 29.Rd2 Nc6 30.Qe4 Qf2
31.Rf1 Qa7 32.Bxb5 Rxb5 33.f4 Na5 34.Rd4 Nxb3 35.Nxb3 Ra8 36.Qd3 Rc5 37.Kc1 Rc6
38.Re1 Rac8 39.Re2 Qc7 40.Rf2 Qa7 41.Re2 Qc7 42.Rf2 Rc4 43.f5 Rxd4 44.Nxd4 e5
45.Nb3 Nf4 46.Qe3 Qc4 47.Kb1 f6 48.h4 Rd8 49.Qe1 Nh3 50.Rg2 Qf4 51.Nc1 Qc4
52.Rg3 Nf4 53.g5 Rc8 54.Qd1 fxg5 55.hxg5 hxg5 56.Rxg5 Qc6 57.Rg3 Qe4 58.Rxg7+ Kxg7
59.Qd7+ Kf6 60.Qxc8 Qxf5 61.Qf8+ Kg6 62.Qxb4 e4 63.Qe1 Qe5 64.Ne2 Nxe2 65.Qxe2 e3
66.Kc1 Kg5 67.Qg2+ Kh4 68.c3 Qg3 69.Qe2 Kg5 70.Kd1 Kf4 71.Qf1+ Ke4 72.Qh1+ Ke5
73.Qe1 Qg4+ 74.Qe2 Qa4+ 75.Kc1 Kf4  1/2-1/2

[Event "Stroer Trophy"]
[Site "Cannes FRA"]
[Date "2003.03.13"]
[Round "7"]
[White "Calzetta,M"]
[Black "Milliet,S"]
[Result "0-1"]
[WhiteElo "2286"]
[BlackElo "2231"]

1.e4 c5 2.Nf3 d6 3.d4 cxd4 4.Nxd4 Nf6 5.Nc3 Nc6 6.Bg5 Qb6 7.Nb3 e6 8.Be3 Qc7
9.f4 a6 10.Bd3 Be7 11.a3 b5 12.O-O Bb7 13.Qf3 O-O 14.Qh3 Rfd8 15.Rae1 b4
16.axb4 Nxb4 17.e5 Nxd3 18.exf6 Nxe1 19.fxe7 Bxg2 20.exd8=Q+ Rxd8 21.Qg3 Bxf1
22.Qxe1 Bh3 23.Qg3 Bf5 24.Nd4 Bg6 25.f5 exf5 26.Nd5 Qb7 27.Nc6 Rd7 28.Qg2 Qxb2
29.Qe2 Qb5 30.Nce7+ Kf8 31.c4 Qb1+ 32.Kf2 Qe4 33.Nxg6+ fxg6 34.Qb2 Qh4+ 35.Kg1 Qxc4
36.Nf4 g5 37.Ne2 f4 38.Bd4 a5 39.Kf2 Re7 40.Qb8+ Kf7  0-1

[Event "TCh-FIN 2002-3"]
[Site "Finland FIN"]
[Date "2003.03.15"]
[Round "8"]
[White "Maki,V"]
[Black "Yrjola,J"]
[Result "1-0"]
[WhiteElo "2384"]
[BlackElo "2422"]

1.e4 c5 2.Nf3 d6 3.d4 cxd4 4.Nxd4 Nf6 5.Nc3 Nc6 6.Bg5 e6 7.Qd2 a6 8.O-O-O h6
9.Be3 Bd7 10.f3 b5 11.Nxc6 Bxc6 12.Ne2 Rc8 13.Kb1 Qc7 14.Nd4 Bb7 15.g4 Nd7
16.h4 d5 17.Bh3 g6 18.g5 hxg5 19.Bxg5 dxe4 20.Nxe6 fxe6 21.Bxe6 Rh7 22.h5 gxh5
23.Bf5 Rf7 24.fxe4 Rxf5 25.exf5 Bxh1 26.Rxh1 Ne5 27.Qe2 Bd6 28.Rxh5 Qc4 29.Qd1  1-0

[Event "TCh-CZE 2002-3"]
[Site "Czech Rep CZE"]
[Date "2003.03.16"]
[Round "9"]
[White "Prandstetter,E"]
[Black "Cvek,R"]
[Result "0-1"]
[WhiteElo "2365"]
[BlackElo "2429"]

1.e4 c5 2.Nf3 Nc6 3.d4 cxd4 4.Nxd4 Nf6 5.Nc3 d6 6.Bg5 e6 7.Qd2 a6 8.O-O-O h6
9.Bf4 Bd7 10.Nxc6 Bxc6 11.Qe1 Be7 12.e5 Nh5 13.Be3 Qc7 14.Be2 g6 15.Bxh5 gxh5
16.Bf4 O-O-O 17.exd6 Bxd6 18.Rxd6 Rxd6 19.Qe3 Bxg2 20.Nb5 axb5 21.Bxd6 Qc4
22.b3 Qc6 23.Re1 Rd8 24.Bg3 Bd5 25.Kb1 b6 26.Qf4 f5 27.Qb8+ Kd7 28.Qe5 Kc8
29.Kb2 Kb7 30.Qg7+ Rd7 31.Qxh6 Be4 32.Re2 b4 33.Qe3 Rd3 34.Qc1 Qc3+ 35.Kb1 Rd5
36.Bf4 Qf3 37.Re1 Qxf2 38.Kb2 Rc5  0-1

[Event "19th Spring Fest"]
[Site "Budapest HUN"]
[Date "2003.03.21"]
[Round "8"]
[White "Trajber,C"]
[Black "Gorgs,A"]
[Result "0-1"]
[WhiteElo "2052"]
[BlackElo "2164"]

1.e4 c5 2.Nf3 Nc6 3.d4 cxd4 4.Nxd4 Nf6 5.Nc3 d6 6.Bg5 e6 7.Qd2 a6 8.O-O-O h6
9.Be3 Be7 10.f3 Nxd4 11.Bxd4 e5 12.Be3 Be6 13.Kb1 b5 14.Nd5 Bxd5 15.exd5 Nd7
16.Bd3 Bg5 17.g3 Bxe3 18.Qxe3 O-O 19.g4 Qh4 20.c3 g6 21.Rhg1 Kg7 22.Rd2 Rfb8
23.Rf2 b4 24.c4 Qg5 25.Qe2 a5 26.Qf1 Nc5 27.f4 exf4 28.Rxf4 Nxd3 29.Rxf7+ Kg8
30.Rd7 Ne5 31.Rxd6 Rf8 32.Qe2 Rae8 33.Qc2 Qe3 34.Rc1 Rf2 35.Qa4 Qxc1+  0-1

[Event "IV Dos Hermanas Internet Final"]
[Site "ICC INT"]
[Date "2003.03.22"]
[Round "3.1"]
[White "Reinaldo Castineira,R"]
[Black "Balogh,C"]
[Result "1-0"]
[WhiteElo "2402"]
[BlackElo "2448"]

1.e4 c5 2.Nf3 d6 3.Nc3 Nc6 4.d4 cxd4 5.Nxd4 Nf6 6.Bg5 e6 7.Qd2 Be7 8.O-O-O Nxd4
9.Qxd4 O-O 10.f3 Bd7 11.h4 Bc6 12.g4 Qc7 13.Kb1 Rfd8 14.h5 h6 15.Bc1 d5 16.e5 Nd7
17.f4 Bc5 18.Qd3 Bb4 19.Rg1 Qb6 20.Be3 Bc5 21.Bxc5 Nxc5 22.Qd4 Ne4 23.Ne2 Qa5
24.g5 Kf8 25.gxh6 gxh6 26.f5 Qc5 27.fxe6 fxe6 28.Nf4 Qxd4 29.Nxe6+ Ke7 30.Nxd4 Rg8
31.Bh3 Nf2 32.Nf5+ Kf8 33.e6 Rxg1 34.Rxg1 Nxh3 35.Rg7 Re8 36.e7+ Rxe7 37.Rxe7 Nf4
38.Rh7 Nxh5 39.Rxh6 Ng7 40.Nxg7 Kxg7 41.Rh2 Kf7 42.Kc1 Ke7 43.Kd2 Kd6 44.Ke3 Kc5
45.Rh4 a5 46.a3 a4 47.Kd3 b5 48.Kc3 Bd7 49.Rh7 d4+ 50.Kd2 Be8 51.Re7 Bg6
52.Rc7+ Kd6 53.Rb7 Kc6 54.Rg7 Be4 55.Rg5 Bh7 56.Re5 Bg8 57.Kd3 Bh7+ 58.Kxd4  1-0

[Event "TSIM March"]
[Site "Subotica YUG"]
[Date "2003.03.24"]
[Round "2"]
[White "Popovic,Du"]
[Black "Bozzali,E"]
[Result "1-0"]
[WhiteElo "2435"]
[BlackElo "2135"]

1.e4 c5 2.Nf3 d6 3.d4 cxd4 4.Nxd4 Nf6 5.Nc3 Nc6 6.Bg5 e6 7.Qd2 a6 8.O-O-O h6
9.Be3 Be7 10.f3 Nxd4 11.Bxd4 b5 12.Kb1 Qa5 13.a3 e5 14.Be3 Be6 15.Be2 Rb8
16.Nd5 Qxd2 17.Nxf6+ Bxf6 18.Bxd2 d5 19.exd5 Bxd5 20.Bb4 Rd8 21.Bd3 Be7 22.Ba5 Rd6
23.Bc7 Rd7 24.Bxe5 Bf6 25.Bxf6 gxf6 26.Rhe1+ Be6 27.Be4 Rc7 28.Rd6 Rg8 29.g3 Ke7
30.Rxa6 Rg5 31.Bd3 Rgc5 32.Rb6  1-0

[Event "TSGM March"]
[Site "Subotica YUG"]
[Date "2003.03.26"]
[Round "5"]
[White "Colovic,A"]
[Black "Sedlak,N"]
[Result "1/2-1/2"]
[WhiteElo "2385"]
[BlackElo "2506"]

1.e4 c5 2.Nf3 d6 3.d4 cxd4 4.Nxd4 Nf6 5.Nc3 Nc6 6.Bg5 Bd7 7.Qd2 Rc8 8.f3 g6
9.O-O-O Nxd4 10.Qxd4 Qa5 11.h4 h6 12.Be3 a6 13.Kb1 Bg7 14.Qd2 Be6 15.a3 Nh5
16.Bd4 Be5 17.Qe3 Ng3 18.Rg1 Bxd4 19.Qxd4 Qe5 20.Qxe5 dxe5 21.Ne2 Nxf1 22.Rgxf1 f5
23.Nc3 f4 24.Na4 Rc6 25.b3 Kf7 26.Nb2 Kf6 27.Nd3 g5 28.hxg5+ hxg5 29.Rh1 Rcc8
30.Kb2 g4 31.Rdg1 b6 32.Rf1 Rcg8 33.Kc3 g3 34.Rxh8 Rxh8 35.Rg1 Rh2 36.Ne1  1/2-1/2

[Event "XII It II"]
[Site "Dos Hermanas ESP"]
[Date "2003.04.01"]
[Round "4"]
[White "Fernandez Romero,Ern"]
[Black "Cifuentes Parada,R"]
[Result "1/2-1/2"]
[WhiteElo "2396"]
[BlackElo "2506"]

1.e4 c5 2.Nf3 Nc6 3.d4 cxd4 4.Nxd4 Nf6 5.Nc3 d6 6.Bg5 Bd7 7.Qd2 Rc8 8.f4 h6
9.Bxf6 gxf6 10.Bc4 Nxd4 11.Qxd4 Qa5 12.Bb3 Rg8 13.g3 Qc5 14.Qd3 b5 15.a4 a6
16.O-O-O e6 17.axb5 axb5 18.e5 f5 19.Rhe1 Ra8 20.exd6 Ra1+ 21.Nb1 Ra6 22.Qf3  1/2-1/2

[Event "National I"]
[Site "Bordeaux FRA"]
[Date "2003.04.04"]
[Round "4"]
[White "Nataf,IA"]
[Black "Delorme,Al"]
[Result "1-0"]
[WhiteElo "2559"]
[BlackElo "2195"]

1.e4 c5 2.Nf3 Nc6 3.d4 cxd4 4.Nxd4 Nf6 5.Nc3 d6 6.Bg5 e6 7.Qd2 a6 8.O-O-O Nxd4
9.Qxd4 b5 10.e5 h6 11.exf6 b4 12.Ne4  1-0

[Event "Classics GM"]
[Site "Gausdal NOR"]
[Date "2003.04.04"]
[Round "2"]
[White "Bluvshtein,M"]
[Black "Sarbok,T"]
[Result "1-0"]
[WhiteElo "2451"]
[BlackElo "2325"]

1.e4 c5 2.Nf3 Nc6 3.d4 cxd4 4.Nxd4 Nf6 5.Nc3 d6 6.Bg5 e6 7.Qd2 Be7 8.O-O-O O-O
9.f4 Nxd4 10.Qxd4 Qa5 11.Kb1 h6 12.h4 e5 13.Qd3 exf4 14.Bxf4 Rd8 15.Be2 Bf8
16.Rhf1 Be6 17.Nd5 Bxd5 18.exd5 Re8 19.Bf3 Qa4 20.Bd2 Qxh4 21.g4 Nd7 22.Rh1 Qe7
23.g5 Ne5 24.Qe2 g6 25.gxh6 Kh7 26.Rdf1 Rac8 27.Bc3 Rxc3 28.bxc3 Qc7 29.Qb5 Nc4
30.Kc1 Re5 31.Bg4 f5 32.Rf4 Nb6 33.Qd3 Rxd5 34.Qe3 Re5 35.Qf3 Qc6 36.Qxc6 bxc6
37.Bf3 d5 38.Kd1 Nc4 39.Be2 Ne3+ 40.Kd2 g5 41.Rf3 Nc4+ 42.Bxc4 dxc4 43.Rh5 Rd5+
44.Ke2 f4 45.Rf1 Be7 46.Kf3 Kg6 47.Kg4 Rd2 48.h7 Rg2+ 49.Kf3 Rg3+ 50.Ke2 Bf6
51.h8=Q Bxh8 52.Rxh8 Kf5 53.Rf3 Rg1 54.Rf1 Rg3 55.Rc8 Rxc3 56.Kd2 Ra3 57.Rxc6 f3
58.Rc5+ Kf4 59.Rxc4+ Kg3 60.Rg1+  1-0

[Event "Classics GM"]
[Site "Gausdal NOR"]
[Date "2003.04.05"]
[Round "3"]
[White "Berg,E"]
[Black "Bluvshtein,M"]
[Result "0-1"]
[WhiteElo "2514"]
[BlackElo "2451"]

1.e4 c5 2.Nf3 d6 3.d4 cxd4 4.Nxd4 Nf6 5.Nc3 Nc6 6.Bg5 e6 7.Qd2 Be7 8.O-O-O Nxd4
9.Qxd4 O-O 10.f4 Qa5 11.Kb1 h6 12.Bh4 e5 13.Qd2 Nxe4 14.Nxe4 Qxd2 15.Rxd2 Bxh4
16.Nxd6 exf4 17.Be2 Rb8 18.Bf3 Rd8 19.Rhd1 b6 20.Nxc8 Rbxc8 21.Rd7 Rxd7 22.Rxd7 Re8
23.c4 Re7 24.Rd8+ Kh7 25.Rc8 Bf2 26.b4 f5 27.Kc2 g5 28.h3 Kg7 29.Kb3 Kf6
30.Rc6+ Re6 31.Rc7 Re7 32.Rc6+ Re6 33.Rc8 Re7 34.c5 bxc5 35.bxc5 Rg7 36.c6 Bb6
37.Rf8+ Ke5 38.Re8+ Kd6 39.Kc4 g4 40.Bd5 f3 41.Re6+ Kc7 42.Rf6 f2 43.Rxf5 gxh3
44.gxh3 Rg1 45.Rf7+ Kd6 46.c7 Rc1+ 47.Kd3 Kxd5  0-1